ბათუმის შოთა რუსთაველის სახელმწიფო უნივერსიტეტის ბიბლიოთეკა

ორი ქრიზანთემა (ბიბ.ჩანაწერი № 44018)

000 -LEADER
fixed length control field 00712nam a2200229Ia 4500
001 - CONTROL NUMBER
control field 10768
003 - CONTROL NUMBER IDENTIFIER
control field GE_BSU
008 - FIXED-LENGTH DATA ELEMENTS--GENERAL INFORMATION
fixed length control field 181216s||||||||xx |||||||||||||| ||und||
040 ## - CATALOGING SOURCE
Transcribing agency GE_BSU
080 ## - UNIVERSAL DECIMAL CLASSIFICATION NUMBER
Universal Decimal Classification number 821.353.1-1
100 ## - MAIN ENTRY--PERSONAL NAME
Personal name ქათამაძე,ჯემალ
245 ## - TITLE STATEMENT
Title ორი ქრიზანთემა
245 ## - TITLE STATEMENT
Remainder of title ლექსები.
245 ## - TITLE STATEMENT
Statement of responsibility, etc. რედ.რ.ართილაყვა;მხატვ.გ.ხოჯაშვილი
260 ## - PUBLICATION, DISTRIBUTION, ETC.
Place of publication, distribution, etc. ბათუმი.
260 ## - PUBLICATION, DISTRIBUTION, ETC.
Name of publisher, distributor, etc. საბჭოთა აჭარა.
260 ## - PUBLICATION, DISTRIBUTION, ETC.
Date of publication, distribution, etc. 1970.
300 ## - PHYSICAL DESCRIPTION
Extent 92გვ;17სმ.
300 ## - PHYSICAL DESCRIPTION
Accompanying material პორტრ.
653 ## - INDEX TERM--UNCONTROLLED
Uncontrolled term ორი ქრიზანთემა
942 ## - ADDED ENTRY ELEMENTS (KOHA)
Koha item type წიგნი
ეგზემპლარები
Withdrawn status Lost status Damaged status Not for loan Date acquired Barcode Date last seen Price effective from Koha item type
        2018-12-17 35296 2018-12-17 2018-12-17 წიგნი
        2018-12-17 35297 2018-12-17 2018-12-17 წიგნი